header

The spontaneous expansion of the church and the causes which hinder it (Record no. 47353)

MARC details
000 -LEADER
fixed length control field 01340nam a2200337Ia 4500
100 1# - MAIN ENTRY--AUTHOR NAME
Personal name Allen, Roland,
245 14 - TITLE STATEMENT
Title The spontaneous expansion of the church and the causes which hinder it
250 ## - EDITION STATEMENT
Edition statement 1st paperback ed.
260 ## - PUBLICATION, DISTRIBUTION, ETC. (IMPRINT)
Place of publication Cambridge, U.K. :
Name of publisher Lutterworth Press,
Year of publication 2006.
300 ## - PHYSICAL DESCRIPTION
Number of Pages x, 158 p.
500 ## - GENERAL NOTE
General note Original edition published in 1927.
650 #0 - SUBJECT ADDED ENTRY--TOPICAL TERM
Topical Term Missions
Topical Term Theology, Practical.
700 1# - ADDED ENTRY--PERSONAL NAME
Personal name Turnbull, Michael,
856 40 - ELECTRONIC LOCATION AND ACCESS
Uniform Resource Identifier http://site.ebrary.com/lib/rucke/Doc?id=10634134

No items available.

© 2026 Rongo University
Contact us: librarian | system librarian | Rongo university